Sports Quiz

Random Sports or MLB Quiz
Score 0/12 Timer 04:00
0 Plays Today
Average Player % Correct
.366Ty Cobb
83.6%
.303Pete Rose
79.8%
.310Derek Jeter
68.6%
.305Hank Aaron
60.8%
.302Willie Mays
58%
.328Honus Wagner
49%
.331Stan Musial
47.3%
.300Albert Pujols
38.7%
.305George Brett
34.9%
.345Tris Speaker
29.4%
.306Paul Molitor
28%
.334Cap Anson
23.4%
Remove Ads.
Support Sporcle.
Get the best of Sporcle when you Go Orange. This ad-free experience offers more features, more stats, and more fun while also helping to support Sporcle. Thank you for becoming a member.

You're not logged in!

Compare scores with friends on all Sporcle quizzes.
OR
Log In

Sporcle TV

Today on Sporcle TV


Watch our educational content, quiz creation guides, and fun videos on Sporcle TV.

Show Comments

Extras

Top Quizzes Today


Score Distribution

Paid Content

Your Account Isn't Verified!

In order to create a playlist on Sporcle, you need to verify the email address you used during registration. Go to your Sporcle Settings to finish the process.

Report this User

Report this user for behavior that violates our Community Guidelines.

Details: